00734nam a2200217 a 450000100060000000300080000600500170001400800410003103500190007204000270009104100080011808200300012610000260015624500540018226000410023630000330027750400510031060000590036165100320042083000640045265387BD-RjUL20211209081424.0170305s1951 ii b ab 001 0 eng  a(BD-RjUL)65517 aDLCcDLCbengdBD-RjUL aeng 223a954.0298092bKHH 19511 aKhan Mohibbul Hasan, 10aHistory of Tipu Sultan /cby Mohibbul Hasan Khan. aCalcutta :bBibliophile Ltd.,c1951. aix, 434 p. :bill, ;c22 cm. aIncludes bibliographical references and index.20aTipu Sultan, Fath ʻAli,cNawab of Mysore,d1753-1799. 0aKarnataka (India)xHistory. 0aSAMP early 20th-century Indian books project ;vitem 10384.